Jose Lopez Rubio / (Record no. 214830)

MARC details
000 -LEADER
fixed length control field 00975nam a2200313 a 4500
001 - CONTROL NUMBER
control field vtls000208808
003 - CONTROL NUMBER IDENTIFIER
control field NLI
005 - DATE AND TIME OF LATEST TRANSACTION
control field 20210602120052.0
008 - FIXED-LENGTH DATA ELEMENTS--GENERAL INFORMATION
fixed length control field 101126s1980 mauc 001 0 eng
020 ## - INTERNATIONAL STANDARD BOOK NUMBER
International Standard Book Number 0805763953 :
Terms of availability USD 17.95
039 #9 - LEVEL OF BIBLIOGRAPHIC CONTROL AND CODING DETAIL [OBSOLETE]
-- 201011260032
-- VLOAD
040 0# - CATALOGING SOURCE
Original cataloging agency NLI
Language of cataloging eng
Transcribing agency VERGIS-2010
Description conventions AACR2
041 0# - LANGUAGE CODE
Language code of text/sound track or separate title eng
044 ## - COUNTRY OF PUBLISHING/PRODUCING ENTITY CODE
MARC country code mau
082 04 - DEWEY DECIMAL CLASSIFICATION NUMBER
Classification number 862.6
100 1# - MAIN ENTRY--PERSONAL NAME
Personal name Holt, Marion Peter
9 (RLIN) 394671
245 10 - TITLE STATEMENT
Title Jose Lopez Rubio /
Statement of responsibility, etc. by Marion Peter Holt
260 ## - PUBLICATION, DISTRIBUTION, ETC.
Place of publication, distribution, etc. Boston :
Name of publisher, distributor, etc. Twayne Publishers,
Date of publication, distribution, etc. 1980
300 ## - PHYSICAL DESCRIPTION
Extent 155 p. :
Other physical details port. ;
Dimensions 21 cm.
440 #0 - SERIES STATEMENT/ADDED ENTRY--TITLE
Title Twayne's world authors series ; TWAS ;
Volume/sequential designation 553 ; Spain
9 (RLIN) 315141
504 ## - BIBLIOGRAPHY, ETC. NOTE
Bibliography, etc. note Includes bibliographical references and index
600 10 - SUBJECT ADDED ENTRY--PERSONAL NAME
Personal name Lopez Rubio, Jose,
Dates associated with a name 1903-
General subdivision Criticism and interpretation
9 (RLIN) 394672
887 ## - NON-MARC INFORMATION FIELD
Content of non-MARC field
901 ## - LOCAL DATA ELEMENT A, LDA (RLIN)
a 486434
b 15.10.19.85
902 ## - LOCAL DATA ELEMENT B, LDB (RLIN)
a E 862.6 H 742
949 ## - LOCAL PROCESSING INFORMATION (OCLC)
-- VIRTUAITEM
-- 10000
-- 100
6 PUR000486434ENG
942 ## - ADDED ENTRY ELEMENTS (KOHA)
Source of classification or shelving scheme Dewey Decimal Classification
Koha item type Books
991 ## -
-- amitava
Holdings
Withdrawn status Lost status Damaged status Not for loan Collection code Home library Current library Shelving location Date acquired Total Checkouts Full call number Barcode Date last seen Price effective from Koha item type
        New English National Library of India National Library of India New English - Main Stack Division     E 862.6 H 742 PUR000486434ENG 02/06/2021 02/06/2021 Books
                                                                           
web counter

Copyright ©2020 The National Library of India, Govt. of India ↔ Hosted by NVLI, MOC ↔ Technology and Design by National Library of India, Ministry of Culture, Govt. of India